The scarlet alchemist / Kylie Lee Baker.
Available copies
- 3 of 3 copies available at LARL/NWRL Consortium. (Show)
- 1 of 1 copy available at Northwest Regional Library.
Current holds
0 current holds with 3 total copies.
Show Only Available Copies
| Location | Call Number / Copy Notes | Barcode | Shelving Location | Status | Due Date |
|---|---|---|---|---|---|
| Godel Memorial-Warren Library | ya BAK (Text) | 35500006786766 | Main | Available | - |
Record details
- ISBN: 9781335458018
- ISBN: 1335458018
- Physical Description: 424 pages, 4 unnumbered pages ; 22 cm
- Publisher: Toronto, Ontario, Canada : Inkyard Press, [2023]
Content descriptions
| Bibliography, etc. Note: | Includes bibliographical references (pages ... Read More |
| Summary, etc.: | In an alternate Tang Dynasty China, aspiring royal ... Read More |
Search for related items by subject
| Subject: | Alchemy > Fiction. Royal houses > Fiction. Racially mixed people > Fiction. Resurrection > Fiction. Fantasy. China > Fiction. |
| Genre: | Novels. |
Search for related items by series
| LDR | 01422nam a2200385 i 4500 | ||
|---|---|---|---|
| 001 | 423065 | ||
| 003 | LARL_NWRL_CONSORTIUM | ||
| 005 | 20231019161742.0 | ||
| 008 | 230921s2023 onc d b 000 1 eng d | ||
| 010 | . | ‡abl2023111997 | |
| 040 | . | ‡aJQR ‡beng ‡cJQR ‡erda ‡dJQR | |
| 020 | . | ‡a9781335458018 ‡qhc. | |
| 020 | . | ‡a1335458018 ‡qhc. | |
| 035 | . | ‡a(OCoLC)1398507020 | |
| 043 | . | ‡aa-cc--- | |
| 082 | 0 | 4. | ‡a[Fic] ‡223/eng/20230919 |
| 100 | 1 | . | ‡aBaker, Kylie Lee, ‡eauthor. |
| 245 | 1 | 4. | ‡aThe scarlet alchemist / ‡cKylie Lee Baker. |
| 264 | 1. | ‡aToronto, Ontario, Canada : ‡bInkyard Press, ‡c[2023] | |
| 300 | . | ‡a424 pages, 4 unnumbered pages ; ‡c22 cm | |
| 336 | . | ‡atext ‡2rdacontent | |
| 337 | . | ‡aunmediated ‡2rdamedia | |
| 338 | . | ‡avolume ‡2rdacarrier | |
| 490 | 0 | . | ‡aScarlet alchemist ; ‡v1 |
| 520 | . | ‡aIn an alternate Tang Dynasty China, aspiring royal alchemist Zilan, who has the ability to resurrect the dead, arrives in the capital to compete against the best alchemists in the country and becomes drawn into the dangerous political games of the royal family. | |
| 504 | . | ‡aIncludes bibliographical references (pages 425-428). | |
| 650 | 1. | ‡aAlchemy ‡vFiction. | |
| 650 | 1. | ‡aRoyal houses ‡vFiction. | |
| 650 | 1. | ‡aRacially mixed people ‡vFiction. ‡0(LARL_NWRL_CONSORTIUM)167005 | |
| 650 | 1. | ‡aResurrection ‡vFiction. | |
| 650 | 1. | ‡aFantasy. ‡0(LARL_NWRL_CONSORTIUM)19981 | |
| 651 | 1. | ‡aChina ‡vFiction. ‡0(LARL_NWRL_CONSORTIUM)164272 | |
| 655 | 7. | ‡aNovels. ‡2lcgft | |
| 905 | . | ‡uvanderl | |
| 901 | . | ‡a423065 ‡b ‡c423065 ‡tbiblio ‡soclc | |

Add to basket
Permalink
Disable Highlighting